000 00827nam a2200265 i 4500
001 18389
003 ES-MaACL
005 20250727040750.0
007 t|
008 011213s1961 it ||||1| ita d
080 _a330.84/86(43)
080 _a330.84/86(091)
100 0 _aMehring, Franz,
_d1846-1919
_979820
245 1 0 _aStoria della socialdemocrazia tedesca /
_cFranz Mehring ; prefazione di Ernesto Ragionieri.
250 _a1ยช ed.
260 _a[Roma] :
_bEditori Riuniti,
_c1961.
300 _a2 v. ;
_c23 cm.
500 _aBiblioteca Juan Andrade.
650 1 4 _aSocialismo-
_zAlemania
_917149
650 4 _aSocialismo-
_xHistoria.
_9135485
650 1 4 _aComunismo-
_vHistoria
_911222
700 1 _aRagionieri, Ernesto.
_994994
852 _aES-MaACL
_jAND-138-9
_bR.109436
999 _c18389
_d18389